000 00611nam a2200205Ia 4500
008 241004s9999 xx 000 0 und d
020 _a9780367695545
037 _aTextbook
040 _aARTS
_beng
_cARTS
041 _aeng
_2eng
084 _aV1.C R2
_qARTS
100 _aSeland Eivind Heldaas Au.
_9724615
245 _aGlobal history of the ancient world: Asia, Europe and Africa before Islam
_cSeland Eivind Heldaas Au.
260 _aUK
_b Routledge
_c2022
300 _a160p.
365 _aUKP
_b32.99
650 _aHistory-World
942 _cTB
_hV1.C R2
999 _c1218758
_d1218758